| 000 | 00813nam0a22002651 4500 | ||
|---|---|---|---|
| 001 | RU\INFOCOMM_322\NLR\5000103340 | ||
| 005 | 20250613104113.0 | ||
| 010 | _d[Б. ц.] | ||
| 035 | _a(NLR Aleph) 009486696 | ||
| 090 |
_a8622187 _c8622187 |
||
| 100 | _a20121212d1933 |||y0rusy50 ca | ||
| 101 | 0 | _afre | |
| 102 | _aRU | ||
| 105 | _ay z ||||| | ||
| 200 | 1 | _aJouets originaux et objets d'art en bois | |
| 210 |
_aMoscou _cKoverkoustexport _cVnechtorgisdat _d[1933] |
||
| 215 |
_aОбл., 7 с., без тит. л., 1 с. объявл. _d15х12 см |
||
| 606 | 0 |
_aИгрушки _yСССР _91096210 _3RU\NLR\AUTH\66111495 |
|
| 620 | _aМосква | ||
| 710 | 0 | 2 |
_aKoverkustexport _4070 |
| 801 | 1 |
_aRU _bNLR _c20121212 |
|
| 801 | 0 |
_aRU _bINFOCOMM _gPSBO |
|
| 852 |
_aNLR _jD8/372 _y2 экз. |
||
| 942 | _cBOOK | ||
| 980 | _aNB | ||